Statistics for Taylor Swift 12

Click here to take the quiz!

General Stats

  • This quiz has been taken 17 times
    (13 since last reset)
  • The average score is 297 of 365

Answer Stats

Answer% Correct
a
100%
I
100%
me
100%
on
100%
the
100%
when
100%
but
89%
can't
89%
for
89%
he
89%
how
89%
it
89%
I've
89%
just
89%
know
89%
mine
89%
my
89%
no
89%
of
89%
she
89%
that
89%
there
89%
they
89%
to
89%
up
89%
we
89%
and
78%
at
78%
bed
78%
been
78%
body
78%
crime
78%
did
78%
die
78%
died
78%
every
78%
get
78%
gonna
78%
got
78%
him
78%
his
78%
I'm
78%
in
78%
life
78%
like
78%
made
78%
new
78%
night
78%
or
78%
our
78%
out
78%
prove
78%
some
78%
thing
78%
think
78%
was
78%
wasn't
78%
with
78%
account
67%
ain't
67%
anywhere
67%
big
67%
boating
67%
brand
67%
call
67%
catch
67%
'cause
67%
cleaned
67%
cover
67%
daddy
67%
day
67%
dinner
67%
doubt
67%
enough
67%
Este
67%
Este's
67%
everything
67%
fifteen
67%
friend
67%
Garden
67%
glass
67%
good
67%
gotta
67%
has
67%
her
67%
house
67%
houses
67%
husband's
67%
infidelity
67%
insurance
67%
jewelry
67%
job
67%
joint
67%
letting
67%
license
67%
losing
67%
meet
67%
mistress
67%
mouth
67%
moved
67%
Olive
67%
policy
67%
says
67%
scene
67%
sister's
67%
sleep
67%
sleeps
67%
smells
67%
somebody's
67%
swear
67%
thinks
67%
tires
67%
took
67%
truck
67%
Tuesday
67%
until
67%
wine
67%
acting
56%
different
56%
merlot
56%
missing
56%
noticed
56%
passed
56%
reports
56%
wife
56%

Score Distribution

Percentile by Number Answered

Percent of People with Each Score

Your Score History

You have not taken this quiz since the last reset